Loreto College Library, Kolkata
WEBOPAC (ONLINE PUBLIC ACCESS CATALOGUE)

Frankenstein in baghdad (Record no. 42218)

MARC details
000 -LEADER
fixed length control field 00521nam a22002057a 4500
005 - DATE AND TIME OF LATEST TRANSACTION
control field 20190709112006.0
008 - FIXED-LENGTH DATA ELEMENTS--GENERAL INFORMATION
fixed length control field 190709b xxu||||| |||| 00| 0 eng d
020 ## - ISBN | অাই এস বি এন
ISBN | অাই এস বি এন 9781786070609
PRICE Rs.599.00
040 ## - CATALOGING SOURCE
Original cataloging agency Loreto College
041 ## - LANGUAGE CODE
Language code English
082 ## - DDC | ডিউই
Classification number | বর্গসংখ্যা F
Book Number | গ্রন্থাঙ্ক SAA
100 ## - MAIN ENTRY--PERSONAL NAME | মুখ্য সংলেখ - ব্যাক্তিনাম
Personal name | ব্যাক্তিনাম Saadawi, Ahmed
245 ## - TITLE STATEMENT | অাখ্যা বিবরণী
Title | অাখ্যা Frankenstein in baghdad
Statement of responsibility | লেখকের দায়িত্বের বিবরণ Ahmed Saadawi
260 ## - IMPRINT | প্রকাশনা ক্ষেত্র
Place of publication | প্রকাশ স্থান London
Name of publisher | প্রকাশকের নাম Oneworld
Date of publication | প্রকাশ কাল 2018
300 ## - PHYSICAL DESCRIPTION |
Page / Vol. No | পৃষ্ঠা / খন্ড সংখ্যা 271 p.
Other physical details | অনান্য বাহ্যিক বিবরণ 24 cm.
650 ## - SUBJECT ADDED ENTRY--TOPICAL TERM | বিষয় শিরোনাম - মূল বিষয়
Topical term | মূল বিষয় Fiction
700 ## - ADDED ENTRY--PERSONAL NAME | অতিরিক্ত সংলেখ - ব্
Relator code | দায়িত্ব নির্দেশক tr.
Personal name | ব্যাক্তিনাম Wright, Jonathan
850 ## - HOLDING INSTITUTION
Holding institution LCLIB
942 ## - ADDED ENTRY ELEMENTS (KOHA)
Koha item type Books
Holdings
Withdrawn status Lost status Source of classification Damaged status Not for loan Home library Current library Date acquired Price Total Checkouts Full call number Accession No. Date last seen Price effective from Koha item type
    Dewey Decimal Classification     Loreto College Loreto College 09/07/2019 0.00   F SAA 53228 46240 09/07/2019 09/07/2019 Books